2024 Song Titles In The Lyrics - Statistics

General Stats
  • This quiz has been taken 37 times
  • The average score is 10 of 20
Answer Stats
Hint Answer % Correct
And when I'm back in Chicago I feel it / Another version of me I was in it / I wave goodbye to the ___ __ _________ End Of Beginning - Djo
81%
Please, stay, I want you, I need you oh God / Don't, take, these _________ ______ that I've got Beautiful Things - Benson Boone
75%
I think I'll take my whiskey neat, my coffee black, and my bed at three / You're ___ _____ for me, you're ___ _____ for me Too Sweet - Hozier
75%
Someone pour me up a double shot of whiskey / They know me and Jack Daniel got a history / There's a party downtown near 5th Street / Everybody at the bar gettin' _____ A Bar Song (Tipsy) - Shaboozey
72%
Move it up down, left right oh, switch it up like Nintendo / Say you can't sleep, baby I know, that's that me ________ Espresso - Sabrina Carpenter
72%
Why you trolling like a b****, ain't you tired? Trying to strike a chord and it's probably A Minor / They ___ ____ __, they ___ ____ __, they ___ ____ __
Not Like Us - Kendrick Lamar
69%
Make me sweat, make me hotter / Make me lose my breath, make me _____ Water - Tyla
61%
Go go go go, head so good she honor roll / She gonna ride the d*** like a ________, I done did the impossible Carnival - Kanye West & Ty Dolla Sign
53%
I come and I go, tell me all the ways you need me / I'm not here for long, catch me or I go _______ Houdini - Dua Lipa
53%
I love you, it's ruining my life / I touched you for only a ________ Fortnight - Taylor Swift ft. Post Malone
42%
_ ____ ___ ___ ___ ____ __, I can tell you miss me / I can tell it hits, hits, hits, hits / Not tryna be romantic, I'll hit it from the back / Just so you don't get attached I Like The Way You Kiss Me - Artemas
42%
__ ____ __ _______, but I'd like to just pretend / You cling to your papers and pens, wait until you like me again We Can't Be Friends (Wait For Your Love) - Ariana Grande
42%
I would want myself, baby please believe me, I'll put you through hell / Just to know me yeah, so sure of yourself / Baby don't get ______, that s*** won't end well Greedy - Tate McRae
36%
I don't like no whips and chains and you can't tie me down / But you can whip your _____ __ __ baby, whip your _____ __ __ baby Lovin' On Me - Jack Harlow
36%
Life's better on ______ / Got to break this pattern of floating away Saturn - SZA
36%
You can say it's just the way you are / Make a new excuse, another stupid reason / ____ ____ ____, well ____ ____ ____ / You'd have to stop the world just to stop the feeling Good Luck Babe - Chappell Roan
33%
_ ___ ____ ____ / It ain't like I can make this kind of mess all by myself / Don't act like you ain't help me pull that bottle off the shelf I Had Some Help - Morgan Wallen & Post Malone
25%
I ain't never rep a set baby, I ain't do no wrong / I could clean up good for you, I know right from wrong / Because I wanna make it, so badly / I'm a _______ ______ ____, don't at me Million Dollar Baby - Tommy Richman
19%
Want it all, I won't leave a breadcrumb / B**** what, I thought a n**** said something / Thought a n**** said something / G Block, all we know is ______, ______, ______, ______, ______ Redrum - 21 Savage
17%
I ____ _______ when you're not next to me / I'm falling apart right in front of you, can't you see? Lose Control - Teddy Swims
14%
No matching quizzes found
Score Distribution
Percent of People with Each Score
Percentile by Number Answered
Your Score History
You have not taken this quiz